000 01310nam a2200265 a 4500
001 75524
003 BD-RjUL
005 20211209082714.0
008 190420s2015 bg |||| |||b 00| 0 ben d
020 _a9845554547
_c: Tk. 180.00
035 _a(BD-RjUL)75742
040 _aBD-RjUL
_beng/ben
_cBD-RjUL
_dBD-RjUL
041 _aben
082 _223
_a891.44809
_bNAZ 2015
245 0 0 _aনজরুলের শিশু-কিশোর সাহিত্য /
_cসম্পাদনা সৈয়দা মোতাহেরা বানু
260 _aঢাকা :
_bনজরুল ইন্সটিটিউট,
_c২০১৫
300 _a১১১ পৃ. ;
_c২২ সেমি.
504 _aগ্রন্থপঞ্জি সংযুক্ত
600 _aইসলাম, কাজী নজরুল
_xসাহিত্য কর্ম
_xসমালোচনা ও ব্যাখা
_9230935
600 _aIslam, Quazi Nazrul
_xLiterary Works
_xCriticism and Interpretation
_9230936
650 _aবাংলা সাহিত্য
_vইতিহাস ও সমালোচনা
_9230937
650 _aBengali Literature
_vHistory and Criticism
_9230938
700 _aবানু, সৈয়দা মোতাহেরা, সম্পাদক
_9230939
942 _2ddc
_cBK
999 _c75524
_d75524